=LDR 00000nam 2200000 4500 =001 INLIS000000000055353 =005 20200413092127 =035 ##$$a 0010-0420000032 =007 ta =008 200413###########################0#ind## =020 ##$$a 978-602-5702-05-1 =082 ##$$a 746.42 =084 ##$$a 742.42 Cil b =245 1#$$a Belajar teknik merangkai janur untuk dekorasi /$c Cikal Gading =250 ##$$a Cet 1 =300 ##$$a 112 halaman : $b Ilustrasi ; $c 23 Cm. =650 #4$$a Kerajinan janur =700 #$$a Penyunting ; Tanti =504 ##$$a Bibliografi : halaman 111 =264 ##$$a Malang :$b lembaga kajian profesi,$c 2018 =336 ##$$a teks$2 rdacontent =337 ##$$a lain-lain$2 rdamedia =338 ##$$a lain-lain$2 rdacarrier =990 ##$$a 04430443 =990 ##$$a 04430443